Los actores en la crisis económica de fin de siglo / (Registro nro. 12002)
[ vista simple ]
| 000 -LEADER | |
|---|---|
| fixed length control field | 02086cam a2200289 a 4500 |
| 003 - CONTROL NUMBER IDENTIFIER | |
| control field | OSt |
| 005 - DATE AND TIME OF LATEST TRANSACTION | |
| control field | 20210723143548.0 |
| 008 - FIXED-LENGTH DATA ELEMENTS--GENERAL INFORMATION | |
| fixed length control field | 120517s2012 ck ad r 000 0 spa d |
| 020 ## - INTERNATIONAL STANDARD BOOK NUMBER | |
| International Standard Book Number | 9789586957496 |
| 040 ## - CATALOGING SOURCE | |
| Original cataloging agency | CO-BoPUJ |
| Transcribing agency | CO-JMCR |
| 041 0# - LANGUAGE CODE | |
| Language code of text/sound track or separate title | spa |
| 082 04 - DEWEY DECIMAL CLASSIFICATION NUMBER | |
| Classification number | 338.542 |
| Item number | U81a |
| Edition number | 23 |
| 100 1# - MAIN ENTRY--PERSONAL NAME | |
| Personal name | Urrutia Montoya, Miguel |
| Relator term | autor |
| 9 (RLIN) | 38071 |
| 245 14 - TITLE STATEMENT | |
| Title | Los actores en la crisis económica de fin de siglo / |
| Statement of responsibility, etc. | Miguel Urrutia Montoya y Jorge Norberto Llano. |
| 260 ## - PUBLICATION, DISTRIBUTION, ETC. | |
| Place of publication, distribution, etc. | Bogotá : |
| Name of publisher, distributor, etc. | Universidad de los Andes, |
| Date of publication, distribution, etc. | 2012. |
| 300 ## - PHYSICAL DESCRIPTION | |
| Extent | 184 páginas : |
| Other physical details | ilustraciones, diagramas y gráficos ; |
| Dimensions | 24 cm. |
| 490 0# - SERIES STATEMENT | |
| Series statement | Colección CEDE 50 años |
| 504 ## - BIBLIOGRAPHY, ETC. NOTE | |
| Bibliography, etc. note | Bibliografía : páginas 175-184. |
| 505 0# - FORMATTED CONTENTS NOTE | |
| Formatted contents note | La crisis internacional y cambiaria de fin de siglo en Colombia. -- Crisis hipotecaria y financiera. -- El gobierno y la crisis fiscal. -- El congreso y la crisis económico. -- La crisis del sistema UPAC como crisis social y su dimensión jurídica. -- La consolidaión del banco central independiente. |
| 520 0# - SUMMARY, ETC. | |
| Summary, etc. | Los costos económicos y sociales de la crisis económica y financiera de fin del siglo xx en Colombia fueron muy altos. El libro analiza las causas de la crisis y las políticas económica y financiera que se implementaron y el papel y las posiciones de los diferentes actores responsables de la toma de decisiones y de los representantes de los grupos afectados. El texto identifica aciertos y errores de las políticas, y hace algunas sugerencias sobre cómo evitar la vulnerabilidad de la economía colombiana a este tipo de sucesos, que tienen alta probabilidad de volver a ocurrir.<br/>También se hacen comparaciones de lo que pasó en Colombia en 1998-1999 con la reciente crisis hipotecaria de Estados Unidos y la crisis de la deuda europea de 2011. |
| 650 14 - SUBJECT ADDED ENTRY--TOPICAL TERM | |
| Topical term or geographic name entry element | Crisis económica |
| Geographic subdivision | Colombia |
| 9 (RLIN) | 38678 |
| 650 24 - SUBJECT ADDED ENTRY--TOPICAL TERM | |
| Topical term or geographic name entry element | Política económica |
| Geographic subdivision | Colombia |
| 9 (RLIN) | 38679 |
| 650 24 - SUBJECT ADDED ENTRY--TOPICAL TERM | |
| Topical term or geographic name entry element | Política monetaria |
| Geographic subdivision | Colombia |
| 9 (RLIN) | 6926 |
| 700 1# - ADDED ENTRY--PERSONAL NAME | |
| Personal name | Llano, Jorge Norberto |
| Relator term | autor |
| 9 (RLIN) | 38680 |
| 942 ## - ADDED ENTRY ELEMENTS (KOHA) | |
| Source of classification or shelving scheme | Dewey Decimal Classification |
| Koha item type | Books |
| Withdrawn status | Lost status | Source of classification or shelving scheme | Damaged status | Not for loan | Home library | Current library | Shelving location | Date acquired | Source of acquisition | Total Checkouts | Full call number | Barcode | Date last seen | Date last checked out | Copy number | Price effective from | Koha item type |
|---|---|---|---|---|---|---|---|---|---|---|---|---|---|---|---|---|---|
| Dewey Decimal Classification | Biblioteca Pública José María del Castillo y Rada | Biblioteca Pública José María del Castillo y Rada | General Stacks | 04/15/2018 | Donación | 1 | 338.542 U81a | 430002273 | 05/16/2024 | 10/17/2023 | Ej.1 | 03/10/2021 | Books | ||||
| Dewey Decimal Classification | Biblioteca Pública José María del Castillo y Rada | Biblioteca Pública José María del Castillo y Rada | General Stacks | 04/15/2018 | Donación | 338.542 U81a | 430002272 | 05/16/2024 | Ej.2 | 03/10/2021 | Books |